[Event "SRB-chT Men 1st League 2019"]
[Site "Subotica"]
[Date "2019.08.30"]
[Round "9.8"]
[White "Berkes, Ferenc"]
[Black "Nenezic, Marko"]
[Result "1-0"]
[WhiteElo "2666"]
[BlackElo "2522"]
[Annotator "TA"]
[PlyCount "137"]
[EventDate "2019.08.23"]
[EventType "team-tourn"]
[EventCountry "SRB"]
[SourceTitle "playchess.com"]
[Source "ChessBase"]
[SourceQuality "1"]

{[%evp 20,137,0,8,31,26,18,25,25,27,27,28,28,35,39,20,25,22,56,0,29,31,28,9,13,15,8,12,54,13,111,12,12,10,8,0,16,0,9,8,76,64,81,81,81,81,81,81,81,81,81,81,81,81,81,67,75,54,54,58,60,65,60,60,61,59,60,60,62,67,75,75,68,40,40,40,40,40,40,40,47,54,55,55,57,57,57,63,75,75,75,75,75,75,75,75,75,15,15,15,15,15,22,22,23,23,41,45,5093,5065,29976,29977,29977,29978,29985,29986,29987,29988,29988,29989]} 1. d4 Nf6 2. Nf3 g6 3. g3 Bg7 4. Bg2 O-O 5. O-O d6 6. b3 c5 7. Bb2 cxd4 8. Nxd4 d5 9. c4 dxc4 10. bxc4 Qb6 11. Qc1 Nc6 {A49: 1 d4 Nf6 2 Nf3 g6 3 g3: Anti-King's Indian systems} (11... Rd8 {looks sharper.} 12. e3 Na6 13. Ba3 e5 14. c5 Qa5) 12. Nxc6 bxc6 13. Nd2 Rd8 {[#] White has an edge.} 14. Rb1 $146 ({Predecessor:} 14. Nb3 Qc7 15. Bd4 Rb8 16. Qc3 Ne8 17. Bxg7 Nxg7 18. Qa5 Ne8 19. Qxc7 Nxc7 20. Bxc6 {½-½ (75) Vidit,S (2718)-So,W (2780) chess.com INT 2018}) 14... Qc7 15. Bc3 Ng4 16. Rb3 Be6 17. Bxg7 Kxg7 18. Nf3 Rab8 19. Qa1+ ({White should play} 19. Qc3+ $14 Kg8 20. h3) 19... Kg8 20. h3 Nf6 21. Qe5 Rbc8 22. Rc1 c5 23. Qe3 Rb8 24. Ng5 Bf5 (24... Rxb3 $11 25. axb3 Bf5) 25. g4 ({White should try} 25. Rb5 $1 $16) 25... Rxb3 $11 26. axb3 Bc8 27. Nf3 Bb7 28. Ne5 Bxg2 29. Kxg2 Nd7 (29... Rd6 $11) 30. Rd1 $36 {[%mdl 2048] Black is under pressure.} Nxe5 31. Rxd8+ Qxd8 32. Qxe5 $14 {[%mdl 4096] Endgame KQ-KQ} Qb6 33. Qxe7 Qxb3 34. Qxc5 a5 35. Qxa5 Qxc4 36. Qe5 Qc6+ 37. f3 h6 38. h4 Qc1 39. Kf2 Qc6 40. Qf4 Kg7 41. Qd4+ Kg8 42. Qe5 Qa6 43. Qe8+ Kg7 44. f4 Qc4 45. Qe5+ Kg8 46. h5 gxh5 47. gxh5 Kh7 48. Qe3 {And now Qd3+ would win.} Qc6 49. Qd3+ Kg8 50. Qf5 Qb6+ 51. Kf3 Qb3+ 52. Qd3 Qe6 53. Kg3 f5 54. Qd8+ Kg7 55. Qc7+ Kg8 56. Qe5 Qf7 57. Kh4 Kh7 58. e4 ({Better is} 58. Qe3 $16) 58... fxe4 $11 59. Qxe4+ Kg7 60. Qd4+ Kh7 61. Qd3+ Kg7 62. Qe4 Qf6+ 63. Kg4 {aiming for Qe5.} Qa6 $2 {[%mdl 8192]} (63... Qb6 $14) 64. Qe7+ $18 Kh8 {[#]} 65. Kf5 $1 {White mates.} Qc8+ {[#]} 66. Kf6 $1 {[%csl Gf6][%cal Re7g7]} Qg8 67. Qe5 Kh7 68. Qe4+ Kh8 69. Qe7 {Accuracy: White = 64%, Black = 55%.} 1-0

[Event "SRB-chT Men 1st League 2019"]
[Site "Subotica"]
[Date "2019.08.30"]
[Round "9.9"]
[White "Radovanovic, Mihajlo"]
[Black "Popovic, Dusan"]
[Result "1/2-1/2"]
[WhiteElo "2496"]
[BlackElo "2481"]
[Annotator "ChessBase"]
[PlyCount "109"]
[EventDate "2019.08.23"]
[EventType "team-tourn"]
[EventCountry "SRB"]
[SourceTitle "playchess.com"]
[Source "ChessBase"]
[SourceQuality "1"]
[TimeControl "40/5400+30:1800+30"]

1. d4 {[%emt 0:00:00]} Nf6 {[%emt 0:00:00]} 2. c4 {[%emt 0:00:00]} g6 {[%emt 0:00:00]} 3. g3 {[%emt 0:00:00]} Bg7 {[%emt 0:00:00]} 4. Bg2 {[%emt 0:00:00]} O-O {[%emt 0:00:00]} 5. Nf3 {[%emt 0:00:01]} d6 {[%emt 0:00:00]} 6. O-O {[%emt 0:00:08]} Nc6 {[%emt 0:00:00]} 7. Nc3 {[%emt 0:00:12]} Bg4 {[%emt 0:00:16]} 8. d5 {[%emt 0:01:19]} Na5 {[%emt 0:00:04]} 9. b3 {[%emt 0:00:48]} c5 {[%emt 0:03:00]} 10. Bb2 {[%emt 0:00:52]} a6 {[%emt 0:00:35]} 11. Nd2 {[%emt 0:01:21]} Rb8 {[%emt 0:01:02]} 12. Qc2 {[%emt 0:00:27]} b5 {[%emt 0:00:37]} 13. Rae1 {[%emt 0:00:21]} Bd7 {[%emt 0:04:48]} 14. Ba1 {[%emt 0:15:57]} bxc4 {[%emt 0:06:51]} 15. bxc4 {[%emt 0:00:08]} Rb4 {[%emt 0:00:20]} 16. a3 {[%emt 0:08:12]} Rb8 {[%emt 0:00:30]} 17. e4 {[%emt 0:01:09]} e6 {[%emt 0:00:41]} 18. Rb1 {[%emt 0:12:22]} Qc7 {[%emt 0:01:49]} 19. h3 {[%emt 0:12:52]} Nh5 {[%emt 0:12:23]} 20. Kh2 {[%emt 0:04:20]} e5 {[%emt 0:13:46]} 21. Ne2 {[%emt 0:03:48]} f5 {[%emt 0:04:52]} 22. Rxb8 {[%emt 0:00:33]} Rxb8 {[%emt 0:01:11]} 23. Bc3 {[%emt 0:00:31]} Rf8 {[%emt 0:18:50]} 24. f4 {[%emt 0:05:04]} Nb7 {[%emt 0:01:59]} 25. Bf3 {[%emt 0:02:58]} Nf6 {[%emt 0:01:34]} 26. Qb2 {[%emt 0:01:15]} Re8 {[%emt 0:02:50]} 27. Rb1 {[%emt 0:03:39]} Bc8 {[%emt 0:02:55]} 28. fxe5 {[%emt 0:11:24]} dxe5 {[%emt 0:00:06]} 29. Qb6 {[%emt 0:00:05]} Qe7 {[%emt 0:09:42]} 30. Qc6 {[%emt 0:04:37]} fxe4 {[%emt 0:01:37]} 31. Bxe4 {[%emt 0:01:57]} Nd6 {[%emt 0:02:47]} 32. Bg2 {[%emt 0:00:25]} Nf5 {[%emt 0:02:25]} 33. Rb8 {[%emt 0:02:49]} Bd7 {[%emt 0:02:12]} 34. Rxe8+ {[%emt 0:00:06]} Nxe8 {[%emt 0:00:36]} 35. Qxa6 {[%emt 0:00:17]} Nd4 {[%emt 0:00:07]} 36. Ng1 {[%emt 0:01:43]} Nd6 {[%emt 0:04:47]} 37. Ne4 {[%emt 0:01:45]} Nxe4 {[%emt 0:00:53]} 38. Bxe4 {[%emt 0:00:01]} Qf7 {[%emt 0:00:11]} 39. Kg2 {[%emt 0:03:11]} Bf5 {[%emt 0:00:23]} 40. Bxf5 {[%emt 0:00:00]} Qxf5 {[%emt 0:00:00]} 41. Qa8+ {[%emt 0:19:55]} Bf8 {[%emt 0:04:13]} 42. d6 {[%emt 0:02:43]} Qe6 {[%emt 0:06:42]} 43. Nf3 {[%emt 0:00:42]} Qxd6 {[%emt 0:12:19]} 44. Ng5 {[%emt 0:02:34]} h6 {[%emt 0:04:52]} 45. Ne4 {[%emt 0:00:32]} Qe6 {[%emt 0:01:10]} 46. Nd2 {[%emt 0:03:21]} Nc2 {[%emt 0:02:31]} 47. Qe4 {[%emt 0:01:02]} Nxa3 {[%emt 0:01:38]} 48. Bb2 {[%emt 0:00:43]} Qa6 {[%emt 0:03:12]} 49. Qd5+ {[%emt 0:04:18]} Kh7 {[%emt 0:00:29]} 50. Qf3 {[%emt 0:01:37]} Nc2 {[%emt 0:00:40]} 51. Qxf8 {[%emt 0:00:25]} Qb7+ {[%emt 0:00:08]} 52. Kf2 {[%emt 0:00:45]} Qxb2 {[%emt 0:00:09]} 53. Qf7+ {[%emt 0:00:23]} Kh8 {[%emt 0:00:01]} 54. Qf8+ {[%emt 0:00:46]} Kh7 {[%emt 0:00:01]} 55. Qf7+ {[%emt 0:00:19]} 1/2-1/2

[Event "SRB-chT Men 1st League 2019"]
[Site "Subotica"]
[Date "2019.08.30"]
[Round "9.10"]
[White "Cabarkapa, Novak"]
[Black "Vuckovic, Bojan"]
[Result "1-0"]
[WhiteElo "2434"]
[BlackElo "2581"]
[Annotator "ChessBase"]
[PlyCount "71"]
[EventDate "2019.08.23"]
[EventType "team-tourn"]
[EventCountry "SRB"]
[SourceTitle "playchess.com"]
[Source "ChessBase"]
[SourceQuality "1"]
[TimeControl "40/5400+30:1800+30"]

1. d4 {[%emt 0:00:00]} Nf6 {[%emt 0:00:00]} 2. Nc3 {[%emt 0:00:00]} d5 {[%emt 0:00:13]} 3. Bf4 {[%emt 0:00:00]} a6 {[%emt 0:00:35]} 4. e3 {[%emt 0:01:22]} e6 {[%emt 0:00:13]} 5. Nf3 {[%emt 0:05:33]} c5 {[%emt 0:00:25]} 6. dxc5 {[%emt 0:03:35]} Bxc5 {[%emt 0:01:24]} 7. Bd3 {[%emt 0:00:14]} b5 {[%emt 0:15:45]} 8. O-O {[%emt 0:17:25]} Bb7 {[%emt 0:01:46]} 9. Qe2 {[%emt 0:02:33]} Nbd7 {[%emt 0:05:04]} 10. a3 {[%emt 0:04:53]} O-O {[%emt 0:08:43]} 11. e4 {[%emt 0:02:42]} dxe4 {[%emt 0:02:10]} 12. Nxe4 {[%emt 0:00:21]} Nxe4 {[%emt 0:01:04]} 13. Bxe4 {[%emt 0:00:06]} Bxe4 {[%emt 0:00:08]} 14. Qxe4 {[%emt 0:00:08]} Nf6 {[%emt 0:00:12]} 15. Qe2 {[%emt 0:15:47]} Qb6 {[%emt 0:02:06]} 16. Bg5 {[%emt 0:05:07]} Nd5 {[%emt 0:10:04]} 17. Ne5 {[%emt 0:00:29]} Qc7 {[%emt 0:08:17]} 18. c4 {[%emt 0:07:46]} bxc4 {[%emt 0:01:30]} 19. Nxc4 {[%emt 0:00:13]} a5 {[%emt 0:09:03]} 20. Rac1 {[%emt 0:03:19]} Rfc8 {[%emt 0:03:33]} 21. Qg4 {[%emt 0:07:06]} Be7 {[%emt 0:04:41]} 22. Bxe7 {[%emt 0:00:44]} Qxe7 {[%emt 0:01:18]} 23. Nxa5 {[%emt 0:01:59]} Rxc1 {[%emt 0:03:45]} 24. Rxc1 {[%emt 0:00:07]} f5 {[%emt 0:02:52]} 25. Qa4 {[%emt 0:04:35]} h6 {[%emt 0:04:25]} 26. g3 {[%emt 0:03:59]} Qg5 {[%emt 0:01:20]} 27. Rd1 {[%emt 0:01:43]} Ne3 {[%emt 0:05:16]} 28. h4 {[%emt 0:02:21]} Qh5 {[%emt 0:00:48]} 29. Re1 {[%emt 0:01:49]} f4 {[%emt 0:03:04]} 30. Qxf4 {[%emt 0:00:45]} Nc2 {[%emt 0:00:07]} 31. Qe4 {[%emt 0:02:09]} Qxa5 {[%emt 0:00:55]} 32. Rc1 {[%emt 0:01:33]} Nxa3 {[%emt 0:00:35]} 33. Qxe6+ {[%emt 0:00:25]} Kh8 {[%emt 0:00:30]} 34. Ra1 {[%emt 0:00:29]} Qd2 {[%emt 0:02:34]} 35. bxa3 {[%emt 0:00:36]} Rxa3 {[%emt 0:00:31]} 36. Qc8+ {[%emt 0:00:23]} 1-0

[Event "SRB-chT Men 1st League 2019"]
[Site "Subotica"]
[Date "2019.08.30"]
[Round "9.11"]
[White "Roganovic, Milos"]
[Black "Lukovic, Vladimir"]
[Result "1-0"]
[WhiteElo "2505"]
[BlackElo "2420"]
[Annotator "ChessBase"]
[PlyCount "47"]
[EventDate "2019.08.23"]
[EventType "team-tourn"]
[EventCountry "SRB"]
[SourceTitle "playchess.com"]
[Source "ChessBase"]
[SourceQuality "1"]
[TimeControl "40/5400+30:1800+30"]

1. e4 {[%emt 1:30:30]} e5 {[%emt 1:30:30]} 2. Nf3 {[%emt 0:00:30]} Nc6 {[%emt 0:00:30]} 3. Nc3 {[%emt 0:00:30]} Nf6 {[%emt 0:00:30]} 4. Bb5 {[%emt 0:00:30]} Bb4 {[%emt 0:00:30]} 5. O-O {[%emt 0:00:30]} O-O {[%emt 0:00:30]} 6. d3 {[%emt 0:00:30]} d6 {[%emt 0:00:30]} 7. Bg5 {[%emt 0:00:30]} Bxc3 {[%emt 0:00:30]} 8. bxc3 {[%emt 0:00:30]} Qe7 {[%emt 0:00:30]} 9. Re1 {[%emt 0:00:30]} Nd8 {[%emt 0:00:30]} 10. d4 {[%emt 0:00:30]} Ne6 {[%emt 0:00:30]} 11. Bd2 {[%emt 0:00:30]} Rd8 {[%emt 0:00:30]} 12. Nh4 {[%emt 0:00:30]} Nf8 {[%emt 0:00:30]} 13. Nf5 {[%emt 0:00:30]} Bxf5 {[%emt 0:00:30]} 14. exf5 {[%emt 0:00:30]} c6 {[%emt 0:00:30]} 15. Bd3 {[%emt 0:00:30]} Re8 {[%emt 0:00:30]} 16. g4 {[%emt 0:00:30]} Nd5 {[%emt 0:00:30]} 17. c4 {[%emt 0:00:30]} Nc7 {[%emt 0:00:30]} 18. Rb1 {[%emt 0:00:30]} Na6 {[%emt 0:00:30]} 19. c5 {[%emt 0:00:30]} Qd7 {[%emt 0:00:30]} 20. cxd6 {[%emt 0:00:30]} Qxd6 {[%emt 0:00:30]} 21. Rxb7 {[%emt 0:00:30]} Qxd4 {[%emt 0:00:30]} 22. Bxa6 {[%emt 0:00:30]} Rad8 {[%emt 0:00:30]} 23. Bd3 {[%emt 0:00:30]} e4 {[%emt 0:00:30]} 24. Rb4 {[%emt 0:00:30]} 1-0

[Event "SRB-chT Men 1st League 2019"]
[Site "Subotica"]
[Date "2019.08.30"]
[Round "9.12"]
[White "Zegarac, Vuk"]
[Black "Bogosavljevic, Boban"]
[Result "0-1"]
[WhiteElo "2310"]
[BlackElo "2516"]
[Annotator "ChessBase"]
[PlyCount "98"]
[EventDate "2019.08.23"]
[EventType "team-tourn"]
[EventCountry "SRB"]
[SourceTitle "playchess.com"]
[Source "ChessBase"]
[SourceQuality "1"]
[TimeControl "40/5400+30:1800+30"]

1. d4 {[%emt 0:00:00]} Nf6 {[%emt 0:00:00]} 2. Bg5 {[%emt 0:00:03]} d5 {[%emt 0:00:00]} 3. e3 {[%emt 0:00:08]} c5 {[%emt 0:00:00]} 4. c3 {[%emt 0:00:06]} Nc6 {[%emt 0:00:05]} 5. Nd2 {[%emt 0:00:06]} Bf5 {[%emt 0:14:35]} 6. Ngf3 {[%emt 0:01:43]} Qb6 {[%emt 0:01:56]} 7. dxc5 {[%emt 0:07:48]} Qxb2 {[%emt 0:13:10]} 8. Nd4 {[%emt 0:00:33]} Ne4 {[%emt 0:00:21]} 9. Nxf5 {[%emt 0:08:04]} Nxd2 {[%emt 0:03:55]} 10. Bd3 {[%emt 0:12:08]} Qxc3 {[%emt 0:34:56]} 11. Ke2 {[%emt 0:00:33]} Ne4 {[%emt 0:00:33]} 12. Bxe4 {[%emt 0:01:02]} dxe4 {[%emt 0:01:34]} 13. Rc1 {[%emt 0:01:06]} Qb2+ {[%emt 0:12:09]} 14. Qc2 {[%emt 0:01:31]} Qxc2+ {[%emt 0:00:58]} 15. Rxc2 {[%emt 0:00:05]} f6 {[%emt 0:00:18]} 16. Bh4 {[%emt 0:01:33]} O-O-O {[%emt 0:03:16]} 17. Rd1 {[%emt 0:12:33]} Rxd1 {[%emt 0:01:25]} 18. Kxd1 {[%emt 0:00:04]} e6 {[%emt 0:01:30]} 19. Nd4 {[%emt 0:01:40]} Nxd4 {[%emt 0:00:42]} 20. exd4 {[%emt 0:00:04]} Be7 {[%emt 0:00:33]} 21. Ke2 {[%emt 0:01:28]} Rd8 {[%emt 0:02:06]} 22. Ke3 {[%emt 0:00:50]} Rd5 {[%emt 0:02:36]} 23. Bg3 {[%emt 0:00:45]} f5 {[%emt 0:00:57]} 24. Be5 {[%emt 0:00:27]} Bg5+ {[%emt 0:00:37]} 25. Ke2 {[%emt 0:04:49]} Bf6 {[%emt 0:00:14]} 26. Bxf6 {[%emt 0:00:53]} gxf6 {[%emt 0:00:04]} 27. Rc4 {[%emt 0:01:47]} Kc7 {[%emt 0:00:49]} 28. Ra4 {[%emt 0:00:42]} a6 {[%emt 0:00:23]} 29. Rb4 {[%emt 0:00:26]} e5 {[%emt 0:00:14]} 30. dxe5 {[%emt 0:01:19]} fxe5 {[%emt 0:00:05]} 31. g4 {[%emt 0:00:09]} fxg4 {[%emt 0:02:01]} 32. Rxe4 {[%emt 0:00:14]} h5 {[%emt 0:00:08]} 33. f3 {[%emt 0:02:05]} gxf3+ {[%emt 0:00:14]} 34. Kxf3 {[%emt 0:00:04]} Rxc5 {[%emt 0:00:06]} 35. Rh4 {[%emt 0:00:04]} Rc3+ {[%emt 0:00:30]} 36. Ke2 {[%emt 0:00:05]} Rc2+ {[%emt 0:00:30]} 37. Kd3 {[%emt 0:00:04]} Rxa2 {[%emt 0:00:21]} 38. Rxh5 {[%emt 0:00:03]} Kd6 {[%emt 0:00:29]} 39. Rh7 {[%emt 0:00:33]} b5 {[%emt 0:00:12]} 40. h4 {[%emt 0:00:00]} Kd5 {[%emt 0:00:00]} 41. Rd7+ {[%emt 0:00:14]} Kc5 {[%emt 0:00:54]} 42. Re7 {[%emt 0:00:21]} Ra3+ {[%emt 0:00:49]} 43. Kd2 {[%emt 0:00:07]} Kd4 {[%emt 0:01:06]} 44. Rd7+ {[%emt 0:00:06]} Ke4 {[%emt 0:00:11]} 45. h5 {[%emt 0:00:12]} Rh3 {[%emt 0:00:14]} 46. Ra7 {[%emt 0:00:14]} Rxh5 {[%emt 0:00:20]} 47. Rxa6 {[%emt 0:00:06]} b4 {[%emt 0:00:11]} 48. Rb6 {[%emt 0:00:08]} Rh2+ {[%emt 0:02:02]} 49. Kc1 {[%emt 0:00:04]} Kd4 {[%emt 0:02:33]} 0-1

[Event "SRB-chT Men 1st League 2019"]
[Site "Subotica"]
[Date "2019.08.30"]
[Round "9.13"]
[White "Georgiev, Kiril"]
[Black "Rublevsky, Sergei"]
[Result "1/2-1/2"]
[WhiteElo "2581"]
[BlackElo "2652"]
[Annotator "TA"]
[PlyCount "30"]
[EventDate "2019.08.23"]
[EventType "team-tourn"]
[EventCountry "SRB"]
[SourceTitle "playchess.com"]
[Source "ChessBase"]
[SourceQuality "1"]

{[%evp 13,25,16,14,16,16,14,21,8,8,12,16,8,27,26]} 1. d4 d5 2. c4 c6 3. cxd5 cxd5 4. Bf4 Nc6 5. e3 Nf6 6. Nc3 Bf5 7. Qb3 Na5 8. Qa4+ {D10: Slav Defence: 3 cxd5 (without early Nf3) and 3 Nc3} Bd7 9. Qc2 e6 10. Nf3 Rc8 11. Bd3 Be7 12. O-O a6 13. h3 {Predecessor:} O-O $146 14. Ne5 Bb5 15. Bxb5 axb5 {1-0 (31) Smirnov,P (2595)-Girya,O (2456) Khanty-Mansiysk 2015} 1/2-1/2

[Event "SRB-chT Men 1st League 2019"]
[Site "Subotica"]
[Date "2019.08.30"]
[Round "9.14"]
[White "Ivanisevic, Ivan"]
[Black "Arsovic, Goran"]
[Result "1-0"]
[WhiteElo "2618"]
[BlackElo "2389"]
[Annotator "TA"]
[PlyCount "81"]
[EventDate "2019.08.23"]
[EventType "team-tourn"]
[EventCountry "SRB"]
[SourceTitle "playchess.com"]
[Source "ChessBase"]
[SourceQuality "1"]

{[%evp 20,81,7,6,12,5,0,10,15,34,12,6,27,10,50,58,56,19,20,19,19,15,19,12,12,0,23,0,0,0,123,119,145,140,139,112,117,122,142,141,235,218,229,225,225,203,271,268,403,400,391,371,1595,1251,5089,5089,29951,1391,29977,29978,29969,29970,29948,5081]} 1. d4 Nf6 2. c4 g6 $146 ({Predecessor:} 2... e6 3. Nf3 c5 4. d5 d6 5. Nc3 exd5 6. cxd5 g6 7. e4 Bg7 8. h3 a6 9. Bd3 O-O 10. O-O Nbd7 11. Re1 b5 12. a3 c4 13. Bc2 Nc5 14. Bf4 Bb7 15. Qd2 Qb6 16. Bh6 {½-½ (22) Miton,K (2636)-Ivanchuk,V (2748) Skanderborg 2005}) 3. Nc3 Bg7 4. e4 d6 5. h3 O-O 6. Bg5 c5 7. d5 e6 8. Bd3 exd5 9. cxd5 Re8 10. Nf3 c4 11. Bc2 b5 {A65: Modern Benoni: 6 e4} 12. a3 a6 13. O-O Bb7 {The position is equal.} 14. Qd2 Nbd7 15. Rfe1 Qb6 16. Bh6 Nc5 17. Bxg7 Kxg7 18. Qd4 (18. Nd4 {seems wilder.} Re5 19. Rad1 h6 20. f4 Re7 21. Qf2) 18... Ncd7 19. Qxb6 Nxb6 20. Nd4 Nfd7 21. Re3 Nc5 22. Rae1 Re7 23. f3 Rae8 24. Kf2 f5 (24... h5 $11) 25. exf5 $16 Rxe3 26. Rxe3 Rxe3 27. Kxe3 Nxd5+ 28. Nxd5 Bxd5 {[%mdl 4096] Endgame KBN-KBN} 29. h4 $1 Bb7 (29... Bf7 $16) 30. g4 $1 $18 Bc8 31. fxg6 hxg6 {[#]} 32. g5 $1 Bd7 {[#]} 33. f4 $1 a5 (33... Be8 $142 34. f5 Kh7) 34. f5 gxf5 35. Nxf5+ Bxf5 $2 (35... Kg6) 36. Bxf5 {KB-KN} b4 37. axb4 axb4 38. h5 b3 39. h6+ {White mates.} Kf8 40. g6 c3 41. bxc3 {Accuracy: White = 67%, Black = 34%.} (41. g7+ $142 Kg8 42. bxc3 b2 43. c4 b1=B 44. Bxb1 Ne6 45. Bf5 Nc7 46. Ke4) 1-0

[Event "SRB-chT Men 1st League 2019"]
[Site "Subotica"]
[Date "2019.08.30"]
[Round "9.15"]
[White "Scekic, Milos"]
[Black "Miladinovic, Igor"]
[Result "1/2-1/2"]
[WhiteElo "2381"]
[BlackElo "2532"]
[Annotator "ChessBase"]
[PlyCount "34"]
[EventDate "2019.08.23"]
[EventType "team-tourn"]
[EventCountry "SRB"]
[SourceTitle "playchess.com"]
[Source "ChessBase"]
[SourceQuality "1"]
[TimeControl "40/5400+30:1800+30"]

1. c4 {[%emt 0:04:05]} e5 {[%emt 0:00:00]} 2. Nc3 {[%emt 0:00:26]} Nc6 {[%emt 0:00:00]} 3. Nf3 {[%emt 0:00:13]} g6 {[%emt 0:00:39]} 4. d4 {[%emt 0:01:35]} exd4 {[%emt 0:00:09]} 5. Nxd4 {[%emt 0:00:09]} Bg7 {[%emt 0:00:24]} 6. Nxc6 {[%emt 0:03:52]} dxc6 {[%emt 0:09:51]} 7. Qxd8+ {[%emt 0:01:39]} Kxd8 {[%emt 0:00:01]} 8. Bf4 {[%emt 0:10:13]} Be6 {[%emt 0:04:48]} 9. e4 {[%emt 0:04:28]} Bxc3+ {[%emt 0:05:22]} 10. bxc3 {[%emt 0:00:19]} c5 {[%emt 0:00:20]} 11. O-O-O+ {[%emt 0:31:37]} Kc8 {[%emt 0:00:10]} 12. Bg5 {[%emt 0:07:01]} f6 {[%emt 0:14:30]} 13. Bh4 {[%emt 0:00:04]} g5 {[%emt 0:03:21]} 14. Bg3 {[%emt 0:00:06]} Ne7 {[%emt 0:00:09]} 15. h4 {[%emt 0:00:48]} g4 {[%emt 0:00:29]} 16. h5 {[%emt 0:03:33]} Nc6 {[%emt 0:02:20]} 17. f4 {[%emt 0:10:05]} gxf3 {[%emt 0:13:35]} 1/2-1/2

[Event "SRB-chT Men 1st League 2019"]
[Site "Subotica"]
[Date "2019.08.30"]
[Round "9.16"]
[White "Miljkovic, Miroslav D"]
[Black "Dimic, Pavle"]
[Result "1-0"]
[WhiteElo "2483"]
[BlackElo "2349"]
[Annotator "ChessBase"]
[PlyCount "47"]
[EventDate "2019.08.23"]
[EventType "team-tourn"]
[EventCountry "SRB"]
[SourceTitle "playchess.com"]
[Source "ChessBase"]
[SourceQuality "1"]
[TimeControl "40/5400+30:1800+30"]

1. d4 {[%emt 0:00:00]} Nf6 {[%emt 0:00:00]} 2. c4 {[%emt 0:00:00]} e6 {[%emt 0:00:00]} 3. Nf3 {[%emt 0:00:00]} Bb4+ {[%emt 0:00:00]} 4. Bd2 {[%emt 0:00:00]} Qe7 {[%emt 0:00:05]} 5. g3 {[%emt 0:00:19]} Nc6 {[%emt 0:00:12]} 6. Nc3 {[%emt 0:00:29]} Bxc3 {[%emt 0:00:18]} 7. Bxc3 {[%emt 0:00:08]} Ne4 {[%emt 0:00:16]} 8. Rc1 {[%emt 0:00:13]} Nxc3 {[%emt 0:00:36]} 9. Rxc3 {[%emt 0:00:09]} O-O {[%emt 0:00:35]} 10. Bg2 {[%emt 0:00:17]} d6 {[%emt 0:00:42]} 11. d5 {[%emt 0:00:07]} Nb8 {[%emt 0:00:21]} 12. dxe6 {[%emt 0:01:11]} fxe6 {[%emt 0:00:30]} 13. O-O {[%emt 0:04:24]} Nd7 {[%emt 0:08:22]} 14. Nd4 {[%emt 0:04:49]} Nf6 {[%emt 0:05:25]} 15. c5 {[%emt 0:31:43]} d5 {[%emt 0:08:30]} 16. c6 {[%emt 0:00:09]} b6 {[%emt 0:03:42]} 17. f4 {[%emt 0:00:27]} e5 {[%emt 0:05:13]} 18. fxe5 {[%emt 0:00:10]} Qxe5 {[%emt 0:00:13]} 19. Qd2 {[%emt 0:00:28]} Bg4 {[%emt 0:07:39]} 20. h3 {[%emt 0:14:06]} Be6 {[%emt 0:16:28]} 21. Rxf6 {[%emt 0:10:31]} Rxf6 {[%emt 0:05:39]} 22. Re3 {[%emt 0:00:21]} Qd6 {[%emt 0:11:23]} 23. Nxe6 {[%emt 0:02:39]} Rxe6 {[%emt 0:04:26]} 24. Rxe6 {[%emt 0:00:50]} 1-0

[Event "SRB-chT Men 1st League 2019"]
[Site "Subotica"]
[Date "2019.08.30"]
[Round "9.17"]
[White "Klasan, Vladimir"]
[Black "Lazic, Miroljub"]
[Result "1/2-1/2"]
[WhiteElo "2357"]
[BlackElo "2387"]
[Annotator "NA"]
[PlyCount "54"]
[EventDate "2019.08.23"]
[EventType "team-tourn"]
[EventCountry "SRB"]
[SourceTitle "playchess.com"]
[Source "ChessBase"]
[SourceQuality "1"]
[TimeControl "40/5400+30:1800+30"]

1. e4 {[%emt 0:00:00]} e5 {[%emt 0:00:00]} 2. Nf3 {[%emt 0:00:00]} Nc6 {[%emt 0:00:00]} 3. d4 {[%emt 0:00:21]} exd4 {[%emt 0:00:00]} 4. Nxd4 {[%emt 0:00:07]} Bb4+ {[%emt 0:01:29]} 5. c3 {[%emt 0:00:23]} Bc5 {[%emt 0:00:01]} 6. Be3 {[%emt 0:00:40]} Bb6 {[%emt 0:00:05]} 7. Nf5 {[%emt 0:00:53]} Bxe3 {[%emt 0:00:24]} 8. Nxe3 {[%emt 0:00:15]} d6 {[%emt 0:01:00]} 9. c4 {[%emt 0:03:10]} Nge7 {[%emt 0:00:30]} 10. Nc3 {[%emt 0:02:02]} O-O {[%emt 0:00:16]} 11. Be2 {[%emt 0:03:35]} f5 {[%emt 0:05:32]} 12. exf5 {[%emt 0:01:25]} Nxf5 {[%emt 0:00:03]} 13. Nxf5 {[%emt 0:01:20]} Bxf5 {[%emt 0:00:04]} 14. O-O {[%emt 0:01:41]} Kh8 {[%emt 0:00:04]} 15. Qd2 {[%emt 0:05:07]} Qd7 {[%emt 0:09:15]} 16. f4 {[%emt 0:08:09]} Rae8 {[%emt 0:15:02]} 17. Bh5 {[%emt 0:08:41]} g6 {[%emt 0:01:15]} 18. Bf3 {[%emt 0:01:13]} Qg7 {[%emt 0:01:47]} 19. Rad1 {[%emt 0:06:30]} Bc8 {[%emt 0:06:47]} 20. Nd5 {[%emt 0:09:36]} Nd8 {[%emt 0:16:56]} 21. g3 {[%emt 0:06:17]} c6 {[%emt 0:14:34]} 22. Nc3 {[%emt 0:01:29]} Nf7 {[%emt 0:00:15]} 23. Rfe1 {[%emt 0:07:45]} g5 {[%emt 0:11:58]} 24. Rxe8 {[%emt 0:12:04]} Rxe8 {[%emt 0:00:04]} 25. Bh5 {[%emt 0:00:34]} gxf4 {[%emt 0:00:09]} 26. Qxf4 {[%emt 0:02:04]} Be6 {[%emt 0:06:48]} 27. Ne4 {[%emt 0:03:12]} Rf8 {[%emt 0:09:12]} 1/2-1/2